| 000 | 00616nam a2200205 a 4500 | ||
|---|---|---|---|
| 005 | 20210223122304.0 | ||
| 008 | 991125s1986 mx 000 0 spa u | ||
| 035 | _aUPN01000032721 | ||
| 049 | _aF | ||
| 050 | 4 |
_aQE539.2 A4 _bT4.4 |
|
| 100 | 1 | _aTerán Trillo, Margarita | |
| 245 | 1 | 3 |
_aLa investigación participativa para la comunidad / _cMargarita Terán Trillo |
| 260 |
_aMéxico : _bUNAM, Escuela Nacional de TrabajoSocial, _c1986 |
||
| 300 | _a8 p | ||
| 440 | 3 | _aLa UNAM ante los sismos | |
| 650 | 4 |
_aSISMOS- _zMEXICO _926662 |
|
| 902 | _aCAV CARLOS AGUILAR VILLA | ||
| 904 |
_aAC _b032722 |
||
| 905 | _aLibro | ||
| 999 |
_c32721 _d32721 |
||